501 facts and factory : (Record no. 166148)

MARC details
000 -LEADER
fixed length control field 00592nam a22001817a 4500
005 - DATE AND TIME OF LATEST TRANSACTION
control field 20220216103702.0
010 ## - LCCN (DPL NO)
LC control number ENG-125924
020 ## - INTERNATIONAL STANDARD BOOK NUMBER
International Standard Book Number 9789388322270
Terms of availability 299.00
035 ## - SYSTEM CONTROL NUMBER
System control number EN-109456
037 ## - SOURCE OF ACQUISITION
Source of stock number/acquisition DBAD/PUB
082 ## - DEWEY DECIMAL CLASSIFICATION NUMBER
Classification number 725.9
100 ## - MAIN ENTRY--PERSONAL NAME
Personal name Menon, Sreelata
245 ## - TITLE STATEMENT
Title 501 facts and factory :
Remainder of title amazing buildings of the world /
Statement of responsibility, etc by Sreelata Menon
260 ## - PUBLICATION, DISTRIBUTION, ETC. (IMPRINT)
Place of publication, distribution, etc Gurugram
Name of publisher, distributor, etc Hachette Books Publishing
Date of publication, distribution, etc 2019
270 ## - ADDRESS
Address 4th and 5th Floor, Corporate Centre, Plot No.-94, Sector 44
City Gurugram
Postal code 122003
300 ## - PHYSICAL DESCRIPTION
Extent 170p.
Dimensions 20cm(pbk)
942 ## - ADDED ENTRY ELEMENTS (KOHA)
Source of classification or shelving scheme Dewey Decimal Classification
Item type English Books
Classification part 725.9
Call number suffix MEN
Holdings
Withdrawn status Lost status Not for loan Collection code Home library Current library Date acquired Source of acquisition Cost, normal purchase price Full call number Barcode Copy number Cost, replacement price Koha item type
      Non-fiction Ashok Vihar Ashok Vihar 15/07/2019 DBAD/PUB 299.00 725.9 MEN EN-109456 1 299.00 English Books

© Delhi Public Library
Hit Counter
free hit counter